Prescription alternatives : (Record no. 39090)
[ view plain ]
| 000 -LEADER | |
|---|---|
| fixed length control field | 00889cam a22002414a 4500 |
| 001 - CONTROL NUMBER | |
| control field | 13137724 |
| 005 - DATE AND TIME OF LATEST TRANSACTION | |
| control field | 20171218080729.0 |
| 008 - FIXED-LENGTH DATA ELEMENTS--GENERAL INFORMATION | |
| fixed length control field | 030326s2003 ilua b 001 0 eng |
| 010 ## - LIBRARY OF CONGRESS CONTROL NUMBER | |
| LC control number | 2003048501 |
| 020 ## - INTERNATIONAL STANDARD BOOK NUMBER | |
| International Standard Book Number | 0071413189 (alk. paper) |
| 040 ## - CATALOGING SOURCE | |
| Original cataloging agency | DLC |
| Transcribing agency | DLC |
| Modifying agency | DLC |
| 041 ## - LANGUAGE CODE | |
| Language code of text/sound track or separate title | eng |
| 042 ## - AUTHENTICATION CODE | |
| Authentication code | pcc |
| 080 ## - UNIVERSAL DECIMAL CLASSIFICATION NUMBER | |
| Universal Decimal Classification number | 615.535 |
| 082 00 - DEWEY DECIMAL CLASSIFICATION NUMBER | |
| Classification number | 615.535 MIN |
| Edition number | 21 |
| 100 1# - Rafti | |
| Rafti | 5 |
| 101 ## - Shkurtesa | |
| Shkurtesa | SHF |
| 245 10 - TITLE STATEMENT | |
| Title | Prescription alternatives : |
| Statement of responsibility, etc | Earl L. Mindell, with Virginia Hopkins. |
| 504 ## - BIBLIOGRAPHY, ETC. NOTE | |
| Bibliography, etc | Includes bibliographical references (p.453-475) and index. |
| 906 ## - LOCAL DATA ELEMENT F, LDF (RLIN) | |
| a | 7 |
| b | cbc |
| c | orignew |
| d | 1 |
| e | ocip |
| f | 20 |
| g | y-gencatlg |
| 942 ## - ADDED ENTRY ELEMENTS (KOHA) | |
| Source of classification or shelving scheme | |
| Item type | Books |
No items available.